000 00592cam a22002053a 4500
001 33387
003 PGUSA
005 20140828083724.0
008 100809s2010||||xxu|||||s|||||000 | eng d
040 _aPGUSA
_beng
042 _adc
100 1 _aBrazil, Angela,
_d1869-1947
245 1 4 _aThe Fortunes of Philippa :
_bA School Story
_h[electronic resource] /
_cAngela Brazil
260 _bProject Gutenberg,
_c2010
506 _aPublic domain in the USA.
516 _aElectronic text
830 0 _aProject Gutenberg
_v33387
856 4 0 _uhttp://www.gutenberg.org/ebooks/33387
942 _cEB
999 _c262642
_d262642